000 00875cab a2200241 4500
001 WB3112-08
008 090401t1995 xxu||||| |||| 00| 0 eng d
035 _a(Sirsi) u35633
041 _aeng
245 _aPensions Bill
260 _c1995
350 _a0
490 _aRICS Press Release
_v(PR29/95COMM) 23 March 1995, (2)
520 _aRICS believes that the Pensions Bill, which discriminates against property investment, is partly the cause of institutional investment figures showing a reduction in Pension Funds` investment in UK land and property.
650 _aPROPERTY-COMMERCIAL PROPERTY
650 _aFINANCIAL SERVICES ACT 1986
650 _aINSTITUTIONAL INVESTMENT
650 _aPENSION FUNDS
650 _aPENSIONS BILL
690 _aPROPERTY-COMMERCIAL PROPERTY-COMMERCIAL PROPERTY FINANCE AND INVESTMENT
942 _n0
948 _c04/03/1997
999 _c23312
_d23312